[Event "Czech Coal Match"]
[Site "Podebrady CZE"]
[Date "2012.12.11"]
[Round "4.1"]
[White "Uhlmann, Wolfgang"]
[Black "Kashlinskaya, Alina"]
[Result "1/2-1/2"]
[WhiteTitle "GM"]
[BlackTitle "WGM"]
[WhiteElo "2319"]
[BlackElo "2344"]
[WhiteTeam "Old Hands"]
[BlackTeam "Snowdrops"]
[WhiteFideId "4611284"]
[BlackFideId "4198026"]
[EventDate "2012.12.08"]
[EventType "schev"]

1. c4 e6 2. Nc3 d5 3. d4 c6 4. e3 Bd6 5. Nf3 f5 6. Rb1 Nf6 7. b4 O-O 8. Be2 dxc4
9. Bxc4 Nd5 10. Nxd5 cxd5 11. Bd3 Nd7 12. Qb3 g5 13. b5 g4 14. Ng1 Qe7 15. Ne2
b6 16. Bd2 Bb7 17. Bb4 Nc5 18. dxc5 bxc5 19. Ba3 c4 20. Bxd6 Qxd6 21. Qb4 Qxb4+
22. Rxb4 cxd3 23. Nf4 Rac8 24. Nxd3 d4 25. exd4 Bxg2 26. Rg1 Be4 27. Kd2 Rfd8
28. a4 Rd6 29. Re1 h5 30. a5 Kg7 31. b6 axb6 32. axb6 Rb8 33. Nc5 Rbxb6 34. Rxb6
Rxb6 35. Nxe4 fxe4 36. Rxe4 Kf6 37. Ke2 Rb1 38. f3 Rb2+ 39. Kf1 gxf3 40. Rf4+
Kg5 41. Rxf3 Rxh2 42. Rd3 Kf4 43. d5 exd5 44. Rxd5 1/2-1/2

[Event "Czech Coal Match"]
[Site "Podebrady CZE"]
[Date "2012.12.11"]
[Round "4.2"]
[White "Romanishin, Oleg M"]
[Black "Gunina, Valentina"]
[Result "1/2-1/2"]
[WhiteTitle "GM"]
[BlackTitle "IM"]
[WhiteElo "2530"]
[BlackElo "2517"]
[WhiteTeam "Old Hands"]
[BlackTeam "Snowdrops"]
[WhiteFideId "14100088"]
[BlackFideId "4167570"]
[EventDate "2012.12.08"]
[EventType "schev"]

1. Nf3 d5 2. d4 Nf6 3. c4 c6 4. e3 Bf5 5. Bd3 Bxd3 6. Qxd3 e6 7. O-O Nbd7 8. Nc3
Bb4 9. Bd2 a5 10. a3 Be7 11. Rfe1 O-O 12. e4 dxe4 13. Nxe4 Nxe4 14. Qxe4 Qb6 15.
Qc2 Rfe8 16. a4 Rad8 17. Bc3 c5 18. Rad1 Bf6 19. d5 Bxc3 20. Qxc3 exd5 21. Rxd5 1/2-1/2

[Event "Czech Coal Match"]
[Site "Podebrady CZE"]
[Date "2012.12.11"]
[Round "4.3"]
[White "Olafsson, Fridrik"]
[Black "Havlikova, Kristyna"]
[Result "1-0"]
[WhiteTitle "GM"]
[BlackTitle "WIM"]
[WhiteElo "2419"]
[BlackElo "2310"]
[WhiteTeam "Old Hands"]
[BlackTeam "Snowdrops"]
[WhiteFideId "2300052"]
[BlackFideId "309672"]
[EventDate "2012.12.08"]
[EventType "schev"]

1. e4 c5 2. Nf3 g6 3. c3 d5 4. exd5 Qxd5 5. d4 Nc6 6. Be3 cxd4 7. cxd4 e6 8. Nc3
Qa5 9. d5 exd5 10. Bd4 f6 11. Bb5 Bg7 12. O-O Ne7 13. Re1 Kf7 14. Bc5 Rd8 15.
Qe2 Bf8 16. Rad1 a6 17. b4 Qc7 18. Ba4 Bf5 19. Bb3 Kg7 20. Qe3 Re8 21. h3 Bd7
22. g4 d4 23. Nxd4 Nxd4 24. Qxd4 1-0

[Event "Czech Coal Match"]
[Site "Podebrady CZE"]
[Date "2012.12.11"]
[Round "4.4"]
[White "Hort, Vlastimil"]
[Black "Tania, Sachdev"]
[Result "1/2-1/2"]
[WhiteTitle "GM"]
[BlackTitle "IM"]
[WhiteElo "2455"]
[BlackElo "2400"]
[WhiteTeam "Old Hands"]
[BlackTeam "Snowdrops"]
[WhiteFideId "4600029"]
[BlackFideId "5007844"]
[EventDate "2012.12.08"]
[EventType "schev"]

1. f4 d5 2. Nf3 g6 3. g3 Bg7 4. Bg2 Nf6 5. O-O O-O 6. d3 c5 7. Qe1 Nc6 8. e4
dxe4 9. dxe4 e5 10. Nc3 Nd4 11. Qd2 Nxf3+ 12. Rxf3 Bg4 13. Rf1 exf4 14. gxf4
Qxd2 15. Bxd2 Rad8 16. Be3 b6 17. h3 Be6 18. a4 Rfe8 19. Rfd1 Rxd1+ 20. Rxd1
Nxe4 21. Nxe4 Bf5 22. Nd6 Rxe3 23. Nxf5 gxf5 24. Rd8+ Bf8 25. Kf2 Re6 1/2-1/2

[Event "Czech Coal Match"]
[Site "Podebrady CZE"]
[Date "2012.12.13"]
[Round "5.2"]
[White "Romanishin, Oleg M"]
[Black "Havlikova, Kristyna"]
[Result "1-0"]
[WhiteTitle "GM"]
[BlackTitle "WIM"]
[WhiteElo "2530"]
[BlackElo "2310"]
[WhiteTeam "Old Hands"]
[BlackTeam "Snowdrops"]
[WhiteFideId "14100088"]
[BlackFideId "309672"]
[EventDate "2012.12.08"]
[EventType "schev"]

1. Nf3 Nf6 2. g3 g6 3. c4 Bg7 4. Bg2 d5 5. cxd5 Nxd5 6. O-O O-O 7. d4 Nb6 8. Nc3
Nc6 9. d5 Na5 10. Qc2 c6 11. dxc6 Nxc6 12. Rd1 Qe8 13. Be3 Bf5 14. Qc1 Rc8 15.
Nd4 Nxd4 16. Bxd4 Bxd4 17. Rxd4 e5 18. Rb4 Qe7 19. a3 Rc5 20. Qh6 f6 21. Rd1 Be6
22. h4 Rb8 23. h5 Qg7 24. Qe3 Rbc8 25. a4 g5 26. Rd8+ Rxd8 27. Qxc5 Rc8 28. Qd6
Qf7 29. Bxb7 Rc4 30. Bf3 g4 31. Bg2 Kg7 32. a5 Rxb4 33. Qxb4 Nc8 34. Ne4 Ne7 35.
Nd6 Qxh5 36. Qb7 Kf8 37. Qb8+ 1-0

[Event "Czech Coal Match"]
[Site "Podebrady CZE"]
[Date "2012.12.13"]
[Round "5.3"]
[White "Uhlmann, Wolfgang"]
[Black "Tania, Sachdev"]
[Result "0-1"]
[WhiteTitle "GM"]
[BlackTitle "IM"]
[WhiteElo "2319"]
[BlackElo "2400"]
[WhiteTeam "Old Hands"]
[BlackTeam "Snowdrops"]
[WhiteFideId "4611284"]
[BlackFideId "5007844"]
[EventDate "2012.12.08"]
[EventType "schev"]

1. c4 e5 2. Nc3 Nf6 3. Nf3 Nc6 4. g3 d5 5. cxd5 Nxd5 6. Bg2 Nb6 7. d3 Be7 8. a3
Be6 9. O-O O-O 10. Be3 f6 11. Rc1 Nd4 12. Bxd4 exd4 13. Na4 c6 14. Nc5 Bxc5 15.
Rxc5 Bd5 16. Nd2 Bxg2 17. Kxg2 Qe7 18. Rc1 Rad8 19. Re1 Rd5 20. Nf3 Qd7 21. Qb3
Kh8 22. Qb4 Rd8 23. Rc5 Rxc5 24. Qxc5 Qd5 25. Qe7 Rd7 26. Qf8+ Qg8 27. Qb4 Qd5
28. Rc1 Kg8 29. a4 Qd6 30. Qa5 Qb8 31. Qb4 Qd6 32. Qxd6 Rxd6 33. a5 Nd7 34. b4
b6 35. Nd2 c5 36. Ne4 Rd5 37. bxc5 Nxc5 38. Nxc5 Rxc5 39. Rxc5 bxc5 40. Kf3 Kf7
41. Ke4 Ke6 42. g4 g6 43. h4 h6 44. h5 gxh5 45. gxh5 f5+ 46. Kf4 a6 47. e3 c4
48. dxc4 d3 49. Kf3 Ke5 0-1

[Event "Czech Coal Match"]
[Site "Podebrady CZE"]
[Date "2012.12.14"]
[Round "6.1"]
[White "Tania, Sachdev"]
[Black "Olafsson, Fridrik"]
[Result "1-0"]
[WhiteTitle "IM"]
[BlackTitle "GM"]
[WhiteElo "2400"]
[BlackElo "2419"]
[WhiteTeam "Snowdrops"]
[BlackTeam "Old Hands"]
[WhiteFideId "5007844"]
[BlackFideId "2300052"]
[EventDate "2012.12.08"]
[EventType "schev"]

1. d4 g6 2. c4 d6 3. Nc3 Nd7 4. e4 e5 5. d5 Ngf6 6. Bd3 Bg7 7. Be3 Nc5 8. f3
Nxd3+ 9. Qxd3 Nh5 10. Nge2 O-O 11. g4 Nf4 12. Nxf4 exf4 13. Bd4 Qh4+ 14. Bf2 Qe7
15. O-O-O a6 16. Bd4 Bd7 17. Bxg7 Kxg7 18. Ne2 b5 19. Nxf4 bxc4 20. Qxc4 Rab8
21. Qd4+ Kg8 22. Kb1 a5 23. Rhg1 f6 24. Rg2 a4 25. Nd3 a3 26. b3 Bb5 27. Rc2
Bxd3 28. Rxd3 Rb7 29. Rdc3 h6 30. Qd2 Kh7 31. Qc1 Rf7 32. Qxa3 f5 33. gxf5 gxf5
34. Qa8 1-0

[Event "Czech Coal Match"]
[Site "Podebrady CZE"]
[Date "2012.12.14"]
[Round "6.2"]
[White "Gunina, Valentina"]
[Black "Uhlmann, Wolfgang"]
[Result "0-1"]
[WhiteTitle "IM"]
[BlackTitle "GM"]
[WhiteElo "2517"]
[BlackElo "2319"]
[WhiteTeam "Snowdrops"]
[BlackTeam "Old Hands"]
[WhiteFideId "4167570"]
[BlackFideId "4611284"]
[EventDate "2012.12.08"]
[EventType "schev"]

1. d4 Nf6 2. c4 g6 3. Nc3 Bg7 4. e4 O-O 5. Be3 d6 6. f3 a6 7. Qd2 Nbd7 8. Nh3 c5
9. d5 Re8 10. Be2 Rb8 11. a4 Ne5 12. Nf2 h5 13. O-O e6 14. Bg5 Qa5 15. Bxf6 Bxf6
16. f4 Nd7 17. dxe6 Rxe6 18. f5 Re8 19. fxg6 fxg6 20. Qxd6 Kg7 21. Nd3 Bd4+ 22.
Kh1 Qb6 23. Qg3 h4 24. Qxh4 Qd6 25. Nf4 Ne5 26. Qg5 Rh8 27. Nh5+ Rxh5 28. Bxh5
Bd7 29. Nd5 Rh8 30. Nf6 Rh6 31. Rad1 Bxa4 32. b3 Bc6 33. h3 Nf7 34. Qg4 Qe7 35.
Rxd4 cxd4 36. Ng8 Kxg8 37. Bxg6 Ng5 38. Bf7+ Kg7 39. Rf5 Kh8 40. Bd5 Bxd5 41.
exd5 Ne4 42. Kg1 d3 43. Qf4 Rh4 44. Qf3 d2 45. d6 Nxd6 46. Rd5 Nf7 47. Qc3+ Kg8
48. Qxd2 Re4 49. Rd3 Re2 50. Rg3+ Kf8 51. Qc3 Qe5 52. Qd3 Re4 53. Kh2 Ke7 54. c5
Nh6 55. c6 bxc6 56. Qxa6 Nf5 57. Qb7+ Kd6 58. Qb8+ Kc5 59. Qa7+ Kd5 60. Qd7+ Nd6
61. Qa7 Rd4 62. Qa5+ Ke6 63. Qa6 c5 64. Qa8 Qf4 65. Qg8+ Kd7 66. Kh1 Rd1+ 67.
Kh2 Ne4 68. Qg7+ Kc6 69. Qg6+ Kc7 70. Qg7+ Rd7 0-1

[Event "Czech Coal Match"]
[Site "Podebrady CZE"]
[Date "2012.12.14"]
[Round "6.3"]
[White "Kashlinskaya, Alina"]
[Black "Romanishin, Oleg M"]
[Result "0-1"]
[WhiteTitle "WGM"]
[BlackTitle "GM"]
[WhiteElo "2344"]
[BlackElo "2530"]
[WhiteTeam "Snowdrops"]
[BlackTeam "Old Hands"]
[WhiteFideId "4198026"]
[BlackFideId "14100088"]
[EventDate "2012.12.08"]
[EventType "schev"]

1. e4 c5 2. c3 Qa5 3. Nf3 e6 4. g3 Nc6 5. Bg2 Nf6 6. Qe2 d6 7. O-O e5 8. d4 cxd4
9. b4 Qc7 10. b5 d3 11. Qxd3 Na5 12. Nbd2 Be7 13. Ba3 Be6 14. Ng5 Bc4 15. Nxc4
Nxc4 16. Bb4 O-O 17. Bh3 a5 18. bxa6 bxa6 19. Ne6 Qc8 20. Nf4 Qc7 21. Ne6 Qc8
22. Nf4 Qc6 23. Nd5 Nxd5 24. exd5 Qc7 25. a4 a5 26. Ba3 Nxa3 27. Rxa3 Rab8 28.
Rb1 Rxb1+ 29. Qxb1 Rb8 30. Rb3 Rxb3 31. Qxb3 g6 32. Bf1 Bg5 33. Bb5 e4 34. Qc4
Qxc4 35. Bxc4 Bd2 36. f3 e3 37. Kf1 Bxc3 38. Ke2 Bd4 39. Bb5 Kg7 40. Bd7 Bc5 41.
Bc6 Kh6 42. Be8 f6 43. Bf7 Bb6 44. Be8 Kg5 45. Bf7 f5 46. Bg8 h6 47. Bf7 Kf6 48.
Be8 h5 49. Bd7 Ke5 50. Be8 g5 51. Bf7 Bc5 52. Kd3 h4 53. gxh4 gxh4 54. h3 Kf4
55. Be6 Kg3 56. Ke2 Kxh3 57. Bxf5+ Kg3 0-1

[Event "Czech Coal Match"]
[Site "Podebrady CZE"]
[Date "2012.12.14"]
[Round "6.4"]
[White "Havlikova, Kristyna"]
[Black "Hort, Vlastimil"]
[Result "1/2-1/2"]
[WhiteTitle "WIM"]
[BlackTitle "GM"]
[WhiteElo "2310"]
[BlackElo "2455"]
[WhiteTeam "Snowdrops"]
[BlackTeam "Old Hands"]
[WhiteFideId "309672"]
[BlackFideId "4600029"]
[EventDate "2012.12.08"]
[EventType "schev"]

1. e4 c5 2. Nf3 e6 3. d4 cxd4 4. Nxd4 a6 5. c4 Nf6 6. Nc3 Bb4 7. Bd3 Nc6 8. Nc2
Bxc3+ 9. bxc3 d6 10. O-O Nd7 11. Nb4 Nce5 12. f4 Nxd3 13. Qxd3 Qe7 14. Ba3 O-O
15. Rad1 Nc5 16. Qe3 Qc7 17. e5 dxe5 18. Nd3 Nxd3 19. Bxf8 Nb2 20. Qc5 Qxc5+ 21.
Bxc5 Nxd1 22. Rxd1 f6 23. Rd8+ Kf7 24. fxe5 b5 25. Rf8+ Kg6 26. exf6 gxf6 27.
Be7 bxc4 28. Rxf6+ Kg7 29. Rf4 Bb7 30. Rxc4 Bd5 31. Ra4 Rc8 32. Bd6 Kf6 33. Rf4+
Kg6 34. a3 Rxc3 35. h4 Kh5 36. Rd4 Rc4 1/2-1/2

[Event "Czech Coal Match"]
[Site "Podebrady CZE"]
[Date "2012.12.15"]
[Round "7.1"]
[White "Uhlmann, Wolfgang"]
[Black "Havlikova, Kristyna"]
[Result "1-0"]
[WhiteTitle "GM"]
[BlackTitle "WIM"]
[WhiteElo "2319"]
[BlackElo "2310"]
[WhiteTeam "Old Hands"]
[BlackTeam "Snowdrops"]
[WhiteFideId "4611284"]
[BlackFideId "309672"]
[EventDate "2012.12.08"]
[EventType "schev"]

1. c4 g6 2. e4 e5 3. Nf3 Bg7 4. d4 exd4 5. Nxd4 Nf6 6. Nc3 O-O 7. Be2 Re8 8. f3
c6 9. Nc2 d5 10. cxd5 cxd5 11. exd5 Qb6 12. Qd4 Nbd7 13. Qxb6 Nxb6 14. Ne3 Rd8
15. Kf2 Nfxd5 16. Rd1 Be6 17. Nexd5 Nxd5 18. Ne4 Rdc8 19. Ng5 Rc2 20. Nxe6 fxe6
21. Rb1 Rac8 22. Kf1 Bd4 23. Bh6 Bg7 24. Bc1 Nb4 25. Be3 Rxb2 26. Rxb2 Bxb2 27.
Bxa7 Ra8 28. Bc5 Nd5 29. Bc4 Ra5 30. Bf2 Be5 31. g3 Kg7 32. Rb1 b5 33. Rxb5 Nc3
34. Rxa5 1-0

[Event "Czech Coal Match"]
[Site "Podebrady CZE"]
[Date "2012.12.15"]
[Round "7.2"]
[White "Romanishin, Oleg M"]
[Black "Tania, Sachdev"]
[Result "1/2-1/2"]
[WhiteTitle "GM"]
[BlackTitle "IM"]
[WhiteElo "2530"]
[BlackElo "2400"]
[WhiteTeam "Old Hands"]
[BlackTeam "Snowdrops"]
[WhiteFideId "14100088"]
[BlackFideId "5007844"]
[EventDate "2012.12.08"]
[EventType "schev"]

1. Nf3 Nf6 2. d4 e6 3. g3 b5 4. Bg5 Bb7 5. Bxf6 Qxf6 6. Bg2 d5 7. O-O Nd7 8. c3
c5 9. Nbd2 Qd8 10. a4 b4 11. c4 dxc4 12. Nxc4 Be7 13. Nfe5 Bxg2 14. Kxg2 cxd4
15. Qxd4 Nxe5 16. Qxe5 O-O 17. Rfd1 Qc8 18. Rac1 Qb7+ 19. f3 Rac8 20. b3 Rc5 21.
Qd4 Rd5 22. Qe4 Rb8 23. Ne3 Rxd1 24. Qxb7 Rxb7 25. Rxd1 Rc7 26. Nc4 f6 27. f4
Kf7 28. Kf3 Bc5 29. g4 Ke7 30. f5 exf5 31. gxf5 g6 32. Ke4 Kf7 33. Rd5 Bf8 34.
h3 Re7+ 35. Kf3 gxf5 36. Rxf5 Ke6 37. Rb5 Rd7 38. Rb8 Be7 39. a5 Rd1 40. Rb7 Rb1
41. Nd2 Rb2 42. Ke3 Rc2 43. Ne4 f5 44. Nf2 Bc5+ 45. Kf3 Rc3+ 46. Nd3 Rxb3 47.
Rxh7 Ra3 48. Rb7 Rxa5 49. Nxc5+ Rxc5 50. Rxb4 1/2-1/2

[Event "Czech Coal Match"]
[Site "Podebrady CZE"]
[Date "2012.12.15"]
[Round "7.3"]
[White "Hort, Vlastimil"]
[Black "Gunina, Valentina"]
[Result "1/2-1/2"]
[WhiteTitle "GM"]
[BlackTitle "IM"]
[WhiteElo "2455"]
[BlackElo "2517"]
[WhiteTeam "Old Hands"]
[BlackTeam "Snowdrops"]
[WhiteFideId "4600029"]
[BlackFideId "4167570"]
[EventDate "2012.12.08"]
[EventType "schev"]

1. e4 d5 2. exd5 Qxd5 3. Nc3 Qa5 4. d4 Nf6 5. Bc4 Bf5 6. Nf3 e6 7. Bd2 Bb4 8.
O-O O-O 9. a3 Bxc3 10. Bxc3 Qb6 11. Qe2 Nc6 12. Rad1 Rad8 13. h3 Bg6 14. b3 Bh5
15. a4 a5 16. Rfe1 Rd6 17. Bb2 Rfd8 18. c3 Nd5 19. Rc1 Qa7 20. Ba3 R6d7 21. Bb5
Re8 22. Qe4 f6 23. Bc5 Qa8 24. Nd2 Bg6 25. Qf3 e5 26. dxe5 fxe5 27. Ne4 Nf4 28.
g3 Nxh3+ 29. Kg2 Bxe4 30. Qxe4 Ng5 31. Qg4 b6 32. Bc4+ Kh8 33. Qxd7 Rd8 34. Qd5
bxc5 35. Rcd1 Rxd5 36. Bxd5 Qe8 37. f4 Nf7 38. Bxf7 Qxf7 39. Rxe5 h6 40. Rxc5
Qxb3 41. Rd7 Qxa4 42. Rxc7 Qc2+ 43. Kh3 Nd8 44. f5 Qd1 45. Rxa5 Nf7 46. f6 Qh1+
47. Kg4 Qe4+ 48. Kh3 Qe6+ 49. Kg2 Qxf6 50. Ra8+ Kh7 51. Rf8 Qe5 52. Rfxf7 Qe2+
53. Kh3 Qh5+ 54. Kg2 Qe2+ 55. Kh3 1/2-1/2

[Event "Czech Coal Match"]
[Site "Podebrady CZE"]
[Date "2012.12.15"]
[Round "7.4"]
[White "Olafsson, Fridrik"]
[Black "Kashlinskaya, Alina"]
[Result "1/2-1/2"]
[WhiteTitle "GM"]
[BlackTitle "WGM"]
[WhiteElo "2419"]
[BlackElo "2344"]
[WhiteTeam "Old Hands"]
[BlackTeam "Snowdrops"]
[WhiteFideId "2300052"]
[BlackFideId "4198026"]
[EventDate "2012.12.08"]
[EventType "schev"]

1. d4 d5 2. c4 e6 3. Nc3 c6 4. e3 Bd6 5. Bd3 f5 6. Nge2 Nf6 7. h3 O-O 8. O-O b6
9. b3 a6 10. f3 c5 11. dxc5 Bxc5 12. Na4 Bd6 13. Nf4 g5 14. Ne2 g4 15. Nf4 gxh3
16. g3 1/2-1/2

[Event "Czech Coal Match"]
[Site "Podebrady CZE"]
[Date "2012.12.16"]
[Round "8.1"]
[White "Kashlinskaya, Alina"]
[Black "Uhlmann, Wolfgang"]
[Result "0-1"]
[WhiteTitle "WGM"]
[BlackTitle "GM"]
[WhiteElo "2344"]
[BlackElo "2319"]
[WhiteTeam "Snowdrops"]
[BlackTeam "Old Hands"]
[WhiteFideId "4198026"]
[BlackFideId "4611284"]
[EventDate "2012.12.08"]
[EventType "schev"]

1. d4 Nf6 2. c4 g6 3. Nc3 Bg7 4. e4 d6 5. Nf3 O-O 6. h3 c6 7. Bg5 Nbd7 8. Bd3 e5
9. d5 a6 10. O-O cxd5 11. cxd5 h6 12. Be3 Nh5 13. Qd2 g5 14. Rfc1 Nf4 15. Bf1
Qf6 16. Qd1 Qg6 17. Nd2 h5 18. a4 Nf6 19. Nc4 g4 20. Nxd6 gxh3 21. Nxc8 Raxc8
22. g3 Nxe4 23. Nxe4 Qxe4 24. gxf4 exf4 25. Bxh3 fxe3 26. Bxc8 exf2+ 27. Kf1 Re8
28. Ra3 Bxb2 29. Rg3+ Kf8 30. Rb1 Bd4 31. Be6 Qh1+ 32. Ke2 Qxd5 33. Re3 Rxe6 34.
Rxe6 Qxe6+ 35. Kf1 Qe4 36. Rc1 h4 37. Qd2 Qg4 38. Qh6+ Bg7 39. Qd6+ Kg8 40. Rd1
h3 41. Qd8+ Kh7 42. Qd3+ f5 43. Kxf2 h2 44. Qd6 Qh4+ 45. Kg2 Qe4+ 0-1

[Event "Czech Coal Match"]
[Site "Podebrady CZE"]
[Date "2012.12.16"]
[Round "8.2"]
[White "Tania, Sachdev"]
[Black "Hort, Vlastimil"]
[Result "1/2-1/2"]
[WhiteTitle "IM"]
[BlackTitle "GM"]
[WhiteElo "2400"]
[BlackElo "2455"]
[WhiteTeam "Snowdrops"]
[BlackTeam "Old Hands"]
[WhiteFideId "5007844"]
[BlackFideId "4600029"]
[EventDate "2012.12.08"]
[EventType "schev"]

1. d4 f5 2. g3 Nf6 3. Bg2 g6 4. Nf3 Bg7 5. O-O O-O 6. c4 c6 7. Nc3 d5 8. cxd5
cxd5 9. b3 Kh8 10. Bb2 Be6 11. Ne5 Nbd7 12. Nd3 Bf7 13. Rc1 Rc8 14. Rc2 Ne4 15.
Nb1 Qa5 1/2-1/2